El Capital financer : un estudi de l'evolució recent del capitalisme / Rudolf Hilferding ; traducció, edició i pròleg a cura de Gustau Muñoz un estudi de l'evolució recent del capitalisme / Rudolf Hilferding ; traducció, edició i pròleg a cura de Gustau Muñoz
Descripción Física:
456 p. ; 20 cm
Colección:
Clàssics del pensament modern ; 49
Otros Autores:
Muñoz, Gustau, tr
MARC
| LEADER | 00000nam a2200000Ia 4500 | ||
|---|---|---|---|
| 001 | 9510 | ||
| 008 | 160829s1991 xx 000 0 cat d | ||
| 080 | |a M-2-156 | ||
| 100 | |a Hilferding, Rudolf |9 33385 | ||
| 245 | |a El Capital financer : |b un estudi de l'evolució recent del capitalisme / Rudolf Hilferding ; traducció, edició i pròleg a cura de Gustau Muñoz | ||
| 260 | |a Barcelona : |b Edicions 62 : |b Diputació de Barcelona, |c 1991 | ||
| 300 | |a 456 p. ; |c 20 cm | ||
| 490 | |a Clàssics del pensament modern ; 49 | ||
| 650 | |a Capitalisme |9 33386 | ||
| 650 | |a Economia |9 31980 | ||
| 700 | |a Muñoz, Gustau, tr. |9 33387 | ||
| 901 | |a Arxiu | ||
| 942 | |n 1 | ||
| 952 | |0 0 |1 0 |4 0 |6 M2156 |7 1 |9 46282 |a Arxiu |b Arxiu |d 2016-12-01 |l 0 |o M-2-156 |p 9510 |r 2016-12-01 00:00:00 |w 2016-12-01 |y ARXIU | ||
| 999 | |c 49786 |d 49786 | ||